Porovnanie návrhov reformy odvodov Richarda Sulíka a Ľudovíta Ódora

Zhrnutie návrhov Richarda Sulíka a Ľudovíta Ódora. Porovanie hodnotového zázemia R. Sulíka a Ľ. Ódora. Porovnanie návrhov R. Sulíka a Ľ. Ódora v kontexte aktuálnej zdravotnej politiky.

Guardado en:
Detalles Bibliográficos
Autor principal: Pažitný, Peter
Formato: Capítulo de libro
Lenguaje:eslovaco
Materias:
Etiquetas: Agregar Etiqueta
Sin Etiquetas, Sea el primero en etiquetar este registro!

MARC

LEADER 00000naa a2200000 4500
001 0136352
005 20240502072527.5
041 0 |a slo 
044 |a SK 
245 1 0 |a Porovnanie návrhov reformy odvodov Richarda Sulíka a Ľudovíta Ódora  |c Peter Pažitný 
520 |a Zhrnutie návrhov Richarda Sulíka a Ľudovíta Ódora. Porovanie hodnotového zázemia R. Sulíka a Ľ. Ódora. Porovnanie návrhov R. Sulíka a Ľ. Ódora v kontexte aktuálnej zdravotnej politiky. 
610 2 0 |a odvody 
610 2 0 |a dane 
610 2 0 |a reformy 
610 2 0 |a zdravotníctvo 
610 2 0 |a politika zdravotná 
610 2 0 |a financie 
610 2 0 |a financovanie 
100 1 |a Pažitný, Peter